2021 Celebrity Deaths: COVID, Cancer, or Natural Causes? - Statistics

General Stats
  • This quiz has been taken 94 times
  • The average score is 5 of 12
Answer Stats
Question Answer % Correct
Betty White natural causes
91%
Hank Aaron natural causes
64%
Prince Philip, Duke of Edinburgh natural causes
64%
Rush Limbaugh cancer
55%
Norm Macdonald cancer
55%
Bob Dole cancer
45%
Colin Powell COVID-19
45%
Cloris Leachman COVID-19
27%
Larry King COVID-19
18%
Phil Spector COVID-19
18%
Larry Flynt natural causes
18%
Desmond Tutu cancer
9%
No matching quizzes found
Score Distribution
Percent of People with Each Score
Percentile by Number Answered
Your Score History
You have not taken this quiz